Developing an Information Literacy Programme for Lifelong Learning: Information Literacy Toolkits for African Universities (Record no. 63471)
[ view plain ]
| 000 -LEADER | |
|---|---|
| fixed length control field | 00950nam a2200181 a 4500 |
| 008 - FIXED-LENGTH DATA ELEMENTS--GENERAL INFORMATION | |
| fixed length control field | 160622s2012 ||||||||||||||||| || u |
| 050 ## - LIBRARY OF CONGRESS CALL NUMBER | |
| Classification number | ZAM Z 711.2 LUN |
| 100 ## - MAIN ENTRY--PERSONAL NAME | |
| Personal name | Lungu, Charles B. M |
| 245 10 - TITLE STATEMENT | |
| Title | Developing an Information Literacy Programme for Lifelong Learning: Information Literacy Toolkits for African Universities |
| Statement of responsibility, etc. | by Charles B M Lungu & Babakisi Fidzani |
| 260 ## - PUBLICATION, DISTRIBUTION, ETC. | |
| Place of publication, distribution, etc. | Kitwe |
| Name of publisher, distributor, etc. | Copperbelt University |
| Date of publication, distribution, etc. | 2012 |
| 300 ## - PHYSICAL DESCRIPTION | |
| Extent | vii,67p.:ill. |
| 500 ## - GENERAL NOTE | |
| General note | Includes Glossary |
| 650 ## - SUBJECT ADDED ENTRY--TOPICAL TERM | |
| Topical term or geographic name entry element | INFORMATION LITERACY--STUDY AND TEACHING |
| 650 ## - SUBJECT ADDED ENTRY--TOPICAL TERM | |
| Topical term or geographic name entry element | LIBRARIANSHIP--ZAMBIA |
| 710 ## - ADDED ENTRY--CORPORATE NAME | |
| Corporate name or jurisdiction name as entry element | Copperbelt University |
| 995 ## - | |
| -- | SPECIAL COLLECTIONS |
| -- | 2255 |
| -- | CBU-MAIN LIBRARY (Kitwe) |
| -- | ZAM Z 711.2 LUN |
| -- | 1 |
| -- | AVAILABLE |
| -- | Jun 22, 2016 |
| -- | Copperbelt University (Staff) |
| -- | B2255 |
| -- | Zambiana Collection |
| 995 ## - | |
| -- | SPECIAL COLLECTIONS |
| -- | 3985 |
| -- | CBU-MAIN LIBRARY (Kitwe) |
| -- | ZAM Z 711.2 LUN |
| -- | 2 |
| -- | AVAILABLE |
| -- | May 22, 2019 |
| -- | Copperbelt University (Staff) |
| -- | B3985 |
| -- | Zambiana Collection |
| 999 ## - | |
| -- | 63471 |
| -- | 63471 |
| Withdrawn status | Lost status | Source of classification or shelving scheme | Damaged status | Not for loan | Permanent Location | Current Location | Shelving location | Date acquired | Total Checkouts | Full call number | Barcode | Date last seen | Price effective from | Koha item type |
|---|---|---|---|---|---|---|---|---|---|---|---|---|---|---|
| CBU-MAIN LIBRARY, KITWE. | CBU-MAIN LIBRARY, KITWE. | 12/24/2022 | ZAM Z 711.2 LUN | B2255 | 12/24/2022 | 12/24/2022 | MONOGRAPH | |||||||
| CBU-MAIN LIBRARY, KITWE. | CBU-MAIN LIBRARY, KITWE. | 12/24/2022 | ZAM Z 711.2 LUN | B3985 | 12/24/2022 | 12/24/2022 | MONOGRAPH |